Language Quiz

Random Language Quiz

S-word 'and' phrases Quiz Stats

 Plays Quiz not verified by Sporcle

Support Sporcle.
Go Orange.
Score 0/40 Timer 08:00
0 Plays Today
Clue S- +'and' phrase % Correct
geometric shapes on the US flagStars and Stripes
78.8%
American classic cop show from the 1970sStarsky and Hutch
75%
most common seasoningsSalt and pepper
67.3%
what a man would wear to a job interviewSuit and tie
53.8%
drink consisting of 7up & Seagram’s 7 whiskySeven and Seven
53.8%
pirate flag imageSkull and crossbones
50%
what you may do on a banana peelSlip and fall
50%
what little girls are made ofSugar and spice
50%
the weekend!Saturday and Sunday
50%
movie starring Edward James Olmos as a calculus teacherStand and Deliver
46.2%
they get your hair squeaky clean, then nice and softShampoo and conditioner
46.2%
gallons of water + a slippery mat = fun for all ages!Slip and Slide
46.2%
offspring (one of each)Son and daughter
42.3%
shower elementsSoap and water
40.4%
a way to describe an emaciated personSkin and bones
40.4%
Dirty Harry’s gun of choiceSmith and Wesson
38.5%
simple Valentine’s Day dessert or milkshake flavorStrawberries and cream
38.5%
what you call someone when you can’t be bothered to remember his/her nameSo and so
36.5%
what rush hour traffic is usually described as Stop and go
34.6%
Mr. Vicious & his girlfriend or movie based on their livesSid and Nancy
34.6%
Clue S- +'and' phrase % Correct
what 1940s entertainers did on filmSing and dance
32.7%
they’re “soul men”Sam and Dave
32.7%
popular American variety show couple from the 1970s Sonny and Cher
32.7%
tangy sauce associated with Chinese foodSweet and sour
30.8%
typical barbershop requestShave and a haircut
28.8%
what a kitchen gadget might do to vegetablesSlice and dice
28.8%
Bush administration’s military doctrine re: 2003 invasion of IraqShock and Awe
26.9%
typical kindergarten activityShow and Tell
26.9%
complaint from one who’s fed upSick and tired
26.9%
coating for chicken or porkShake and Bake
25%
old school educational toy from Texas InstrumentsSpeak and Spell
25%
African nationSao Tome and Principe
23.1%
Wall Street businessStocks and Bonds
23.1%
had a hit with “Summer Breeze”Seals and Crofts
21.2%
Velveeta’s contribution to the world of macaroni & cheese Shells and cheese
21.2%
2- island nation in the West IndiesSt. Kitts and Nevis
19.2%
magician’s specialty; deceptive ploySmoke and mirrors
17.3%
type of seating available in modern minivansStow and Go
17.3%
alcoholic beverage your grandfather might drinkScotch and soda
11.5%
looks + character means a person has these Style and substance
9.6%

You're not logged in!

Compare scores with friends on all Sporcle quizzes.
OR
Log In

From the Vault

'F' This Typing Challenge

by MovieGuru

This quiz is gantastic...yes gantastic, that is a thing (take the quiz to find out why).
Remove Ads.
Support Sporcle.
Get the best of Sporcle when you Go Orange. This ad-free experience offers more features, more stats, and more fun while also helping to support Sporcle. Thank you for becoming a member.

Show Comments

Extras

Created Mar 3, 2011ReportNominate
Tags:Begins With, phrase

Top Quizzes Today


Score Distribution

Your Account Isn't Verified!

In order to create a playlist on Sporcle, you need to verify the email address you used during registration. Go to your Sporcle Settings to finish the process.

Report this User

Report this user for behavior that violates our Community Guidelines.

Details: